Problémy nezamestnanosti v Slovenskej republike a vo vybraných krajinách Európskej únie bakalárska práca

Enregistré dans:
Détails bibliographiques
Auteur principal: Kristóf, Patrik
Collectivité auteur: Národohospodárska fakulta EU. Katedra ekonómie
Autres auteurs: Novák, Marcel, 1979-
Format: Livre
Langue:slovaque
Publié: Bratislava 2014
Tags: Ajouter un tag
Pas de tags, Soyez le premier à ajouter un tag!

MARC

LEADER 00000nbm a2200000 4500
001 0189459
005 20170201085844.7
041 0 |a slo 
044 |a SK 
245 1 0 |a Problémy nezamestnanosti v Slovenskej republike a vo vybraných krajinách Európskej únie  |b bakalárska práca  |c Patrik Kristóf ; školiteľ: Marcel Novák 
264 1 |a Bratislava  |c 2014 
300 |a 56 s. 
100 1 |a Kristóf, Patrik 
700 1 |a Novák, Marcel, 1979- 
710 2 |a Národohospodárska fakulta EU. Katedra ekonómie